000 00669nam a2200241 i 4500
001 C2-0090178
003 PPAK
005 20180727091912.0
008 970511s1995 nyu |||| ||||| | eng d
020 _a0028740130
040 _aPPAK
_beng
_cPPAK
_erda
082 0 4 _a616.85227
_223
090 0 0 _a616.85227
_bNEZ
_dG
100 1 _aNeziroglu, Fugen,
_eauthor
245 1 0 _aOver and over again
264 1 _aNew York :
_bLexington Books ,
_c1995
300 _avi, 228 pages ;
_c24 cm
336 _2rdacontent
_atext
337 _2rdamedia
_aunmediated
338 _2rdacarrier
_avolume
650 1 0 _aObsessive - Compulsive Disorder - Popular works
942 _ddc
_cB
999 _c18756
_d18756